[Event "Altensteig"]
[Site "Altensteig"]
[Date "1990.??.??"]
[Round "11"]
[White "Chernin, Alexander"]
[Black "Topalov, Veselin"]
[Result "1/2-1/2"]
[WhiteElo "2600"]
[BlackElo "2475"]
[PlyCount "25"]
[EventDate "1990.07.??"]
[EventType "tourn"]
[EventRounds "11"]
[EventCountry "GER"]
[EventCategory "9"]
[SourceTitle "CBM 020"]
[Source "ChessBase"]
[SourceDate "1991.02.01"]
[SourceVersion "1"]
[SourceVersionDate "1991.02.01"]
[SourceQuality "1"]

1. d4 e6 2. c4 Bb4+ 3. Nd2 b6 4. Qb3 c5 5. Ngf3 Nf6 6. a3 Ba5 7. dxc5 bxc5 8.
g3 Nc6 9. Bg2 O-O 10. O-O Rb8 11. Qc2 d6 12. e3 Ne8 13. Nb3 1/2-1/2

[Event "Balkaniad"]
[Site "Kavala"]
[Date "1990.??.??"]
[Round "1"]
[White "Topalov, Veselin"]
[Black "Grivas, Efstratios"]
[Result "1/2-1/2"]
[WhiteElo "2495"]
[BlackElo "2445"]
[PlyCount "65"]
[EventDate "1990.10.??"]
[EventType "team"]
[EventRounds "6"]
[EventCountry "GRE"]
[SourceTitle "EXT 1997"]
[Source "ChessBase"]
[SourceDate "1996.11.15"]
[SourceVersion "1"]
[SourceVersionDate "1996.11.15"]
[SourceQuality "1"]

1. e4 e5 2. Nf3 Nc6 3. Bb5 a6 4. Bxc6 dxc6 5. Nc3 Bg4 6. h3 Bxf3 7. Qxf3 Ne7 8.
d3 Ng6 9. Be3 Bb4 10. O-O Bxc3 11. bxc3 O-O 12. g3 Qd7 13. Bc5 Rfe8 14. Qg4
Qxg4 15. hxg4 h6 16. f4 Nf8 17. Kg2 b6 18. Be3 c5 19. Kf3 f6 20. a4 a5 21. d4
cxd4 22. cxd4 exd4 23. Bxd4 Rad8 24. Rfd1 Rd7 25. Rd3 Red8 26. Rad1 Kf7 27. Be3
Ke7 28. Ke2 Ne6 29. c3 Nf8 30. Bc1 Rxd3 31. Rxd3 Rxd3 32. Kxd3 Nd7 33. Kd4
1/2-1/2

[Event "Balkaniad"]
[Site "Kavala"]
[Date "1990.??.??"]
[Round "2"]
[White "Pandavos, Emanouel"]
[Black "Topalov, Veselin"]
[Result "1/2-1/2"]
[WhiteElo "2370"]
[BlackElo "2495"]
[PlyCount "89"]
[EventDate "1990.10.??"]
[EventType "team"]
[EventRounds "6"]
[EventCountry "GRE"]
[SourceTitle "EXT 1997"]
[Source "ChessBase"]
[SourceDate "1996.11.15"]
[SourceVersion "1"]
[SourceVersionDate "1996.11.15"]
[SourceQuality "1"]

1. e4 c5 2. c3 e6 3. d4 d5 4. exd5 exd5 5. Bb5+ Nc6 6. Nf3 Bd6 7. Nbd2 cxd4 8.
Nxd4 Nge7 9. O-O O-O 10. N2f3 Bg4 11. Qa4 Bd7 12. Bg5 Qc7 13. Be2 a6 14. Qd1
Rfe8 15. Re1 Ng6 16. Nb3 Nce5 17. h3 h6 18. Nxe5 Rxe5 19. Be3 Nh4 20. Qd2 Rae8
21. Nd4 Rxe3 22. fxe3 Bh2+ 23. Kh1 Nxg2 24. Bg4 Nxe1 25. Bxd7 Qxd7 26. Kxh2
Qd6+ 27. Kh1 Qg3 28. Rxe1 Re5 29. Re2 g6 30. h4 Qxh4+ 31. Kg1 h5 32. Rg2 Qh3
33. Nc2 Qf3 34. Qf2 Qd1+ 35. Qf1 Qxf1+ 36. Kxf1 Kh7 37. Kf2 g5 38. Nd4 Kg6 39.
a4 h4 40. Nf3 Rf5 41. Ke2 Kh5 42. Nd4 Re5 43. Nf3 Rf5 44. Nd4 Re5 45. Nf3
1/2-1/2

[Event "Balkaniad"]
[Site "Kavala"]
[Date "1990.??.??"]
[Round "3"]
[White "Topalov, Veselin"]
[Black "Gavrilakis, Nikolaos"]
[Result "0-1"]
[WhiteElo "2495"]
[BlackElo "2390"]
[PlyCount "40"]
[EventDate "1990.10.??"]
[EventType "team"]
[EventRounds "6"]
[EventCountry "GRE"]
[SourceTitle "EXT 1997"]
[Source "ChessBase"]
[SourceDate "1996.11.15"]
[SourceVersion "1"]
[SourceVersionDate "1996.11.15"]
[SourceQuality "1"]

1. d4 d5 2. c4 e6 3. Nc3 Be7 4. Nf3 Nf6 5. Bg5 h6 6. Bh4 O-O 7. e3 b6 8. Rc1
Bb7 9. Bxf6 Bxf6 10. cxd5 exd5 11. Bd3 c5 12. O-O Qe7 13. Re1 Rd8 14. e4 cxd4
15. Nb5 dxe4 16. Rc7 Qf8 17. Rxb7 exd3 18. Nc7 Nc6 19. Nxa8 Rxa8 20. Qxd3 Qc8
0-1

[Event "Balkaniad"]
[Site "Kavala"]
[Date "1990.??.??"]
[Round "5"]
[White "Topalov, Veselin"]
[Black "Skalkotas, Nikolaos"]
[Result "1/2-1/2"]
[WhiteElo "2495"]
[BlackElo "2310"]
[PlyCount "117"]
[EventDate "1990.10.??"]
[EventType "team"]
[EventRounds "6"]
[EventCountry "GRE"]
[SourceTitle "EXT 1997"]
[Source "ChessBase"]
[SourceDate "1996.11.15"]
[SourceVersion "1"]
[SourceVersionDate "1996.11.15"]
[SourceQuality "1"]

1. e4 e6 2. d4 d5 3. Nd2 c5 4. Ngf3 cxd4 5. exd5 Qxd5 6. Bc4 Qd6 7. O-O Nc6 8.
Nb3 Nf6 9. Qe2 Be7 10. Rd1 e5 11. h3 O-O 12. c3 Be6 13. Bxe6 Qxe6 14. cxd4 Rad8
15. Bg5 e4 16. Nh2 Rd5 17. Be3 Rfd8 18. Nf1 h5 19. Nfd2 a5 20. a4 Bb4 21. Nc4
Rf5 22. Qc2 Bf8 23. Nc5 Qc8 24. Nxe4 Nb4 25. Nxf6+ Rxf6 26. Qb3 Qf5 27. Rac1
Bd6 28. Ne5 Re8 29. Nf3 Nd5 30. Qd3 Qd7 31. Bg5 Rfe6 32. b3 f6 33. Bd2 Ba3 34.
Rc4 Re4 35. Re1 Rxe1+ 36. Nxe1 Bb4 37. Nf3 Bxd2 38. Qxd2 b6 39. Qc2 Qf7 40. Rc8
Qd7 41. Rxe8+ Qxe8 42. Qf5 Qf7 43. Nd2 g6 44. Qc8+ Kg7 45. Qc6 h4 46. Nc4 Nf4
47. Qe4 g5 48. Ne3 Qxb3 49. Nf5+ Kf7 50. Nd6+ Kg7 51. Qe7+ Kg6 52. Qe8+ Kg7 53.
Nf5+ Kh7 54. Qd7+ Kg6 55. Nxh4+ gxh4 56. Qg4+ Kf7 57. Qxf4 Qxa4 58. Qc7+ Kg6
59. Qxb6 1/2-1/2

[Event "Balkaniad"]
[Site "Kavala"]
[Date "1990.??.??"]
[Round "6"]
[White "Skembris, Spyridon"]
[Black "Topalov, Veselin"]
[Result "0-1"]
[WhiteElo "2470"]
[BlackElo "2495"]
[PlyCount "92"]
[EventDate "1990.10.??"]
[EventType "team"]
[EventRounds "6"]
[EventCountry "GRE"]
[SourceTitle "EXT 1997"]
[Source "ChessBase"]
[SourceDate "1996.11.15"]
[SourceVersion "1"]
[SourceVersionDate "1996.11.15"]
[SourceQuality "1"]

1. d4 Nf6 2. Nf3 d6 3. Nbd2 Bg4 4. h3 Bh5 5. e4 e6 6. Qe2 c6 7. c3 Be7 8. g3 d5
9. Bg2 dxe4 10. Nxe4 Nxe4 11. Qxe4 Nd7 12. O-O O-O 13. Re1 Qb6 14. Nh4 Rfe8 15.
b3 Rad8 16. Bb2 Nf6 17. Qc2 c5 18. dxc5 Bxc5 19. Rf1 Qc7 20. Kh1 Rd7 21. c4
Red8 22. Bc3 Bd4 23. Rac1 b6 24. Qb2 a5 25. Rfe1 Qc5 26. Rc2 Bxc3 27. Qxc3 Rd3
28. Qb2 Qb4 29. Re5 Bd1 30. Rc1 a4 31. c5 a3 32. Qb1 bxc5 33. Rexc5 Qd2 34. Kh2
h6 35. Rc8 g5 36. Qa1 Kg7 37. Rxd8 Rxd8 38. Nf3 Bxf3 39. Bxf3 Qxf2+ 40. Bg2 Rd2
41. Rg1 Rxa2 42. Qe5 Re2 43. Qa1 a2 44. b4 e5 45. Qf1 Qxf1 46. Rxf1 Nd5 0-1

[Event "Balkaniad U20"]
[Site "Kavala"]
[Date "1990.??.??"]
[Round "2"]
[White "Topalov, Veselin"]
[Black "Tsorbatzoglou, Theodoros"]
[Result "1-0"]
[WhiteElo "2495"]
[BlackElo "2210"]
[PlyCount "99"]
[EventDate "1990.10.??"]
[EventType "swiss"]
[EventRounds "6"]
[EventCountry "GRE"]
[SourceTitle "EXT 1997"]
[Source "ChessBase"]
[SourceDate "1996.11.15"]
[SourceVersion "1"]
[SourceVersionDate "1996.11.15"]
[SourceQuality "1"]

1. g3 c5 2. f4 d6 3. Nf3 g6 4. Bg2 Bg7 5. O-O Nc6 6. Qe1 Nf6 7. d3 O-O 8. c3
Ne8 9. Na3 Nc7 10. Rb1 Be6 11. b3 Rb8 12. Nc2 Qc8 13. e4 Bh3 14. Bxh3 Qxh3 15.
f5 Ne5 16. Nxe5 dxe5 17. Be3 b6 18. Qe2 Bh6 19. a4 Rbd8 20. b4 cxb4 21. Nxb4
Rd6 22. d4 exd4 23. cxd4 gxf5 24. Rxf5 Rg6 25. Rf3 Qd7 26. d5 Bg7 27. Bf4 Ne8
28. Nc6 e6 29. Rd1 exd5 30. exd5 Rxc6 31. dxc6 Qxc6 32. Bg5 Nc7 33. Rdf1 Ne6
34. Bf6 Nd4 35. Bxd4 Bxd4+ 36. Kg2 a5 37. Qa2 Kg7 38. Qd2 Qc5 39. Rf5 Qc6+ 40.
R1f3 Bc5 41. h4 f6 42. h5 Bd6 43. h6+ Kh8 44. Qd4 Be7 45. Kh3 Qe6 46. g4 Rd8
47. Qe3 Qxe3 48. Rxe3 Bc5 49. Re6 Bd4 50. Rd5 1-0

[Event "Balkaniad U20"]
[Site "Kavala"]
[Date "1990.??.??"]
[Round "5"]
[White "Tsorbatzoglou, Theodoros"]
[Black "Topalov, Veselin"]
[Result "1/2-1/2"]
[WhiteElo "2210"]
[BlackElo "2495"]
[PlyCount "60"]
[EventDate "1990.10.??"]
[EventType "swiss"]
[EventRounds "6"]
[EventCountry "GRE"]
[SourceTitle "EXT 1997"]
[Source "ChessBase"]
[SourceDate "1996.11.15"]
[SourceVersion "1"]
[SourceVersionDate "1996.11.15"]
[SourceQuality "1"]

1. d4 Nf6 2. c4 e6 3. Nc3 Bb4 4. f3 c5 5. d5 d6 6. e4 O-O 7. Bd3 Nfd7 8. Nge2
exd5 9. cxd5 Ne5 10. Bc2 Qh4+ 11. Ng3 c4 12. Be3 Na6 13. Qd2 h6 14. O-O Bc5 15.
Nb5 Qd8 16. Nd4 Nb4 17. a3 Nxc2 18. Nxc2 Bb6 19. Bxb6 Qxb6+ 20. Qd4 Nd3 21.
Qxb6 axb6 22. Rab1 Bd7 23. Ne3 b5 24. Ne2 f5 25. Nc3 g6 26. exf5 gxf5 27. f4
Kf7 28. Nc2 Rfc8 29. Nb4 Nc5 30. Rfe1 Rg8 1/2-1/2

[Event "Balkaniad U20"]
[Site "Kavala"]
[Date "1990.??.??"]
[Round "6"]
[White "Topalov, Veselin"]
[Black "Moldovan, Daniel"]
[Result "1/2-1/2"]
[WhiteElo "2495"]
[BlackElo "2335"]
[PlyCount "76"]
[EventDate "1990.10.??"]
[EventType "swiss"]
[EventRounds "6"]
[EventCountry "GRE"]
[SourceTitle "EXT 1997"]
[Source "ChessBase"]
[SourceDate "1996.11.15"]
[SourceVersion "1"]
[SourceVersionDate "1996.11.15"]
[SourceQuality "1"]

1. d4 Nf6 2. c4 c5 3. d5 d6 4. Nc3 g6 5. e4 Bg7 6. Be2 e6 7. Nf3 O-O 8. Nd2 Na6
9. O-O Nc7 10. a4 Re8 11. Kh1 Rb8 12. f3 a6 13. a5 exd5 14. cxd5 Bd7 15. Nc4
Bb5 16. Na4 Bxc4 17. Bxc4 Nb5 18. Bd2 Nd7 19. Rc1 b6 20. axb6 Nxb6 21. Ba5 Nxa4
22. Bxd8 Nxb2 23. Qd2 Rexd8 24. Qa5 Nd4 25. f4 Re8 26. Qxa6 Rb4 27. e5 dxe5 28.
fxe5 Bxe5 29. Qa7 Nf5 30. Qxc5 Bd6 31. Qc6 Rd8 32. Rfe1 Bf4 33. Qf6 Rbb8 34.
Rc2 Nxc4 35. Rxc4 Bd2 36. Rc7 Rf8 37. Rf1 Bh6 38. g3 Ne3 1/2-1/2

[Event "BUL-ch 22nd"]
[Site "Pazardzik"]
[Date "1991.??.??"]
[Round "1"]
[White "Topalov, Veselin"]
[Black "Dochev, Dimitar"]
[Result "1-0"]
[WhiteElo "2455"]
[BlackElo "2290"]
[PlyCount "55"]
[EventDate "1991.??.??"]
[EventType "swiss"]
[EventRounds "10"]
[EventCountry "BUL"]
[SourceTitle "TD"]
[Source "ChessBase"]
[SourceDate "1994.03.01"]
[SourceVersion "1"]
[SourceVersionDate "1994.03.01"]
[SourceQuality "1"]

1. d4 Nf6 2. c4 c5 3. d5 g6 4. Nc3 d6 5. e4 Bg7 6. Nf3 O-O 7. h3 a6 8. a4 e6 9.
Bd3 exd5 10. cxd5 Nh5 11. O-O Nd7 12. Bg5 Bf6 13. Be3 Re8 14. a5 Rb8 15. Qc2
Ne5 16. Be2 Ng7 17. Nd2 g5 18. Na4 g4 19. hxg4 Bxg4 20. Qd1 Bxe2 21. Qxe2 Qd7
22. Bf4 Rbd8 23. Nb6 Qe7 24. Rab1 Ng6 25. Be3 Be5 26. f4 Bd4 27. Bxd4 cxd4 28.
f5 1-0

[Event "BUL-ch 22nd"]
[Site "Pazardzik"]
[Date "1991.??.??"]
[Round "2"]
[White "Pantev, Veselin"]
[Black "Topalov, Veselin"]
[Result "0-1"]
[WhiteElo "2265"]
[BlackElo "2455"]
[PlyCount "60"]
[EventDate "1991.??.??"]
[EventType "swiss"]
[EventRounds "10"]
[EventCountry "BUL"]
[SourceTitle "TD"]
[Source "ChessBase"]
[SourceDate "1994.03.01"]
[SourceVersion "1"]
[SourceVersionDate "1994.03.01"]
[SourceQuality "1"]

1. d4 Nf6 2. c4 d6 3. Nc3 Nbd7 4. Nf3 e5 5. g3 g6 6. Bg2 Bg7 7. O-O O-O 8. dxe5
dxe5 9. Qc2 c6 10. b3 e4 11. Ng5 Qe7 12. a4 Re8 13. Ba3 Nc5 14. b4 h6 15. Nh3
Na6 16. c5 Bf5 17. e3 g5 18. Kh1 Nc7 19. Rac1 Nfd5 20. Nxd5 Nxd5 21. Ng1 h5 22.
Qb3 h4 23. Rfe1 hxg3 24. fxg3 Kh7 25. Bb2 Bxb2 26. Qxb2 Qe5 27. Qe2 Kg7 28. Rc4
Rh8 29. Qf2 Nf6 30. h4 Ng4 0-1

[Event "BUL-ch 22nd"]
[Site "Pazardzik"]
[Date "1991.??.??"]
[Round "7"]
[White "Topalov, Veselin"]
[Black "Chatalbashev, Boris"]
[Result "0-1"]
[WhiteElo "2455"]
[BlackElo "2385"]
[PlyCount "72"]
[EventDate "1991.??.??"]
[EventType "swiss"]
[EventRounds "10"]
[EventCountry "BUL"]
[SourceTitle "TD"]
[Source "ChessBase"]
[SourceDate "1994.03.01"]
[SourceVersion "1"]
[SourceVersionDate "1994.03.01"]
[SourceQuality "1"]

1. d4 d5 2. c4 Bf5 3. cxd5 Bxb1 4. Qa4+ c6 5. Rxb1 Qxd5 6. Nf3 Nd7 7. a3 Ngf6
8. e3 e6 9. Qc2 Bd6 10. Bd3 Qh5 11. O-O g5 12. Ne5 Nxe5 13. dxe5 Bxe5 14. f4
gxf4 15. exf4 Ng4 16. h3 Bd4+ 17. Kh1 Qh4 18. Be2 Nf2+ 19. Kh2 Rg8 20. Qb3
O-O-O 21. Qf3 e5 22. Be3 Ng4+ 23. Qxg4+ Rxg4 24. Bxg4+ Kb8 25. Rbe1 e4 26. Bxd4
Rxd4 27. Re2 Qf6 28. g3 Qg6 29. f5 Qd6 30. Rf4 Qe5 31. Kg2 c5 32. Bh5 f6 33.
Bf7 e3 34. Kf3 Rd1 35. Rxe3 Rf1+ 36. Ke2 Re1+ 0-1

[Event "BUL-ch 22nd"]
[Site "Pazardzik"]
[Date "1991.??.??"]
[Round "8"]
[White "Petrov, Marian"]
[Black "Topalov, Veselin"]
[Result "0-1"]
[WhiteElo "2265"]
[BlackElo "2455"]
[PlyCount "100"]
[EventDate "1991.??.??"]
[EventType "swiss"]
[EventRounds "10"]
[EventCountry "BUL"]
[SourceTitle "TD"]
[Source "ChessBase"]
[SourceDate "1994.03.01"]
[SourceVersion "1"]
[SourceVersionDate "1994.03.01"]
[SourceQuality "1"]

1. e4 e6 2. d4 d5 3. e5 c5 4. c3 Nc6 5. Nf3 Bd7 6. a3 c4 7. Be2 Na5 8. Nbd2 Qc7
9. O-O O-O-O 10. Rb1 f6 11. Re1 Ne7 12. g3 h6 13. Qc2 f5 14. h4 Rg8 15. Bd1 g5
16. hxg5 hxg5 17. Nf1 f4 18. Qh7 Rg7 19. Qh5 Be8 20. Qg4 Bg6 21. Qxe6+ Kb8 22.
Ra1 Bf5 23. Qh6 Rg6 24. Qh5 Bg7 25. Nxg5 Rh8 26. Qf3 Rxg5 27. Bxf4 Bg4 28. Qg2
Bh3 29. Qf3 Rf5 30. Ne3 Qb6 31. Nxf5 Bxf5 32. Qe2 Qg6 33. Qf1 Bh3 34. Qe2 Qh7
35. f3 Bf1 36. Rxf1 Qh1+ 37. Kf2 Rh2+ 38. Ke1 Rxe2+ 39. Bxe2 Qh7 40. Rf2 Ng6
41. Be3 Nb3 42. Rd1 Qh3 43. g4 Kc7 44. Rb1 Bh6 45. g5 Bxg5 46. Bxg5 Qf5 47. Rd1
Qxg5 48. Bf1 Nf4 49. Rh2 Qg3+ 50. Rf2 Qg1 0-1

[Event "BUL-ch 22nd"]
[Site "Pazardzik"]
[Date "1991.??.??"]
[Round "9"]
[White "Topalov, Veselin"]
[Black "Genov, Petar"]
[Result "1-0"]
[WhiteElo "2455"]
[BlackElo "2420"]
[PlyCount "125"]
[EventDate "1991.??.??"]
[EventType "swiss"]
[EventRounds "10"]
[EventCountry "BUL"]
[SourceTitle "TD"]
[Source "ChessBase"]
[SourceDate "1994.03.01"]
[SourceVersion "1"]
[SourceVersionDate "1994.03.01"]
[SourceQuality "1"]

1. d4 Nf6 2. c4 e6 3. Nf3 b6 4. g3 Ba6 5. Qa4 c6 6. Nc3 d5 7. cxd5 exd5 8. Bg2
Bd6 9. O-O O-O 10. Ne5 Bb7 11. Bg5 h6 12. Bxf6 Qxf6 13. e4 Bxe5 14. dxe5 Qxe5
15. exd5 cxd5 16. Rfe1 Qf5 17. Rad1 Bc6 18. Qd4 Na6 19. Nxd5 Bxd5 20. Qxd5 Qxd5
21. Rxd5 Rad8 22. Re7 Nb4 23. Rdd7 Nxa2 24. Rxf7 Rxd7 25. Rxd7 Nb4 26. Rxa7 Nd3
27. Bd5+ Kh8 28. b3 Nxf2 29. Rb7 Ng4 30. Rxb6 Ne5 31. Bc4 Nxc4 32. bxc4 Rf3 33.
Re6 Rc3 34. Re4 Rc2 35. h4 g6 36. Kf1 Kg7 37. Ke1 Kf6 38. Kd1 Rg2 39. Re3 Ra2
40. c5 Ra6 41. Rb3 Ra5 42. Rc3 Ke7 43. Ke2 Ra4 44. Kf3 h5 45. Re3+ Kf6 46. Rc3
Ke7 47. Rd3 Rc4 48. Rd5 Rc3+ 49. Kf2 Rc2+ 50. Ke1 Ke6 51. Rg5 Kf6 52. Kd1 Ra2
53. c6 Ra8 54. Kd2 Rc8 55. Rc5 Ke7 56. Ke3 Kd6 57. Rc3 Kc7 58. Kf4 Re8 59. Re3
Rd8 60. Kg5 Rd6 61. Rc3 Re6 62. Kh6 Rf6 63. Rc5 1-0

[Event "EU-ch U20"]
[Site "Aalborg"]
[Date "1991.??.??"]
[Round "?"]
[White "Christensen, Tobias"]
[Black "Topalov, Veselin"]
[Result "1-0"]
[WhiteElo "2300"]
[BlackElo "2455"]
[PlyCount "81"]
[EventDate "1991.??.??"]
[EventType "swiss"]
[EventRounds "9"]
[EventCountry "DEN"]
[SourceTitle "EXT 2000"]
[Source "ChessBase"]
[SourceDate "1999.11.16"]
[SourceVersion "1"]
[SourceVersionDate "1999.11.16"]
[SourceQuality "1"]

1. e4 e6 2. d4 d5 3. exd5 exd5 4. Nf3 Nc6 5. Bb5 Bd6 6. Nc3 Nge7 7. Be3 O-O 8.
Qd2 Bf5 9. Nh4 Be6 10. Bf4 a6 11. Be2 f6 12. O-O-O Na7 13. Rhe1 Bb4 14. a3 Ba5
15. Qe3 Bf7 16. Qg3 Ng6 17. Bd2 Nxh4 18. Qxh4 Bg6 19. Bh5 Bxc3 20. Bxc3 Qd7 21.
Bg4 Qc6 22. f4 Rfe8 23. Qh3 Qa4 24. Be6+ Rxe6 25. Qxe6+ Bf7 26. Qh3 Nc6 27. f5
a5 28. Qg3 Rc8 29. Rd3 b5 30. Qg4 h5 31. Qf3 b4 32. axb4 Nxb4 33. Bxb4 axb4 34.
Re7 Qa1+ 35. Kd2 Qxb2 36. Qe3 Rf8 37. Rb3 Qa1 38. Rxb4 Qf1 39. Qf3 Qg1 40. Rxf7
Re8 41. Re7 1-0

[Event "EU-ch U20"]
[Site "Aalborg"]
[Date "1991.??.??"]
[Round "?"]
[White "Holst, Allan"]
[Black "Topalov, Veselin"]
[Result "1/2-1/2"]
[WhiteElo "2300"]
[BlackElo "2455"]
[PlyCount "35"]
[EventDate "1991.??.??"]
[EventType "swiss"]
[EventRounds "9"]
[EventCountry "DEN"]
[SourceTitle "EXT 2000"]
[Source "ChessBase"]
[SourceDate "1999.11.16"]
[SourceVersion "1"]
[SourceVersionDate "1999.11.16"]
[SourceQuality "1"]

1. d4 e6 2. c4 Bb4+ 3. Bd2 a5 4. g3 d6 5. Nf3 Nc6 6. Bg2 e5 7. O-O exd4 8. Nxd4
Nxd4 9. Bxb4 axb4 10. Qxd4 Nf6 11. Nd2 O-O 12. Rfe1 Qe7 13. Nf1 c5 14. Qd2 Be6
15. Ne3 Ra6 16. a4 bxa3 17. Rxa3 Rb6 18. Qc3 1/2-1/2

[Event "EU-ch U20"]
[Site "Aalborg"]
[Date "1991.??.??"]
[Round "?"]
[White "Jepson, Christian"]
[Black "Topalov, Veselin"]
[Result "0-1"]
[WhiteElo "2235"]
[BlackElo "2455"]
[PlyCount "60"]
[EventDate "1991.??.??"]
[EventType "swiss"]
[EventRounds "9"]
[EventCountry "DEN"]
[SourceTitle "EXT 2000"]
[Source "ChessBase"]
[SourceDate "1999.11.16"]
[SourceVersion "1"]
[SourceVersionDate "1999.11.16"]
[SourceQuality "1"]

1. e4 e6 2. d4 d5 3. Nc3 Nc6 4. Nf3 Nf6 5. e5 Ne4 6. Bd3 Bb4 7. Bd2 Nxd2 8.
Qxd2 f6 9. exf6 Qxf6 10. O-O O-O 11. Bb5 Ne7 12. Ne5 c5 13. f4 a6 14. Bd7 Rd8
15. Bxc8 Raxc8 16. a3 Ba5 17. b4 cxd4 18. Na4 Bc7 19. Nc5 Nf5 20. Rae1 b6 21.
Nb3 Bxe5 22. fxe5 Qg6 23. Rf4 Rc4 24. g4 Rdc8 25. Rc1 h5 26. h3 Rc3 27. Nxd4
Nxd4 28. Qxd4 Rxh3 29. c4 Rg3+ 30. Kh1 hxg4 0-1

[Event "EU-ch U20"]
[Site "Aalborg"]
[Date "1991.??.??"]
[Round "?"]
[White "Topalov, Veselin"]
[Black "Ciemniak, Robert"]
[Result "1-0"]
[WhiteElo "2455"]
[BlackElo "2230"]
[PlyCount "65"]
[EventDate "1991.??.??"]
[EventType "swiss"]
[EventRounds "9"]
[EventCountry "DEN"]
[SourceTitle "EXT 2000"]
[Source "ChessBase"]
[SourceDate "1999.11.16"]
[SourceVersion "1"]
[SourceVersionDate "1999.11.16"]
[SourceQuality "1"]

1. e4 c5 2. Nf3 Nc6 3. d4 cxd4 4. Nxd4 e5 5. Nb5 Nf6 6. Bg5 d6 7. Bxf6 gxf6 8.
Bc4 Be7 9. Qh5 O-O 10. O-O f5 11. exf5 d5 12. Rd1 Qa5 13. Rxd5 Qe1+ 14. Bf1 Qe4
15. Nc7 Rb8 16. g4 Nd4 17. Nd2 Qxc2 18. Rxd4 exd4 19. Nd5 Bd8 20. Nf3 f6 21.
Re1 Qc5 22. Nd2 b5 23. Bg2 Qd6 24. Ne4 Qd7 25. Nexf6+ Bxf6 26. Nxf6+ Rxf6 27.
Bd5+ Qxd5 28. Re8+ Kg7 29. Qg5+ Rg6 30. f6+ Kf7 31. Re7+ Kf8 32. Qxd5 Rxg4+ 33.
Kf1 1-0

[Event "EU-ch U20"]
[Site "Aalborg"]
[Date "1991.??.??"]
[Round "?"]
[White "Topalov, Veselin"]
[Black "Van Gisbergen, Stan"]
[Result "1/2-1/2"]
[WhiteElo "2455"]
[BlackElo "2280"]
[PlyCount "76"]
[EventDate "1991.??.??"]
[EventType "swiss"]
[EventRounds "9"]
[EventCountry "DEN"]
[SourceTitle "EXT 2000"]
[Source "ChessBase"]
[SourceDate "1999.11.16"]
[SourceVersion "1"]
[SourceVersionDate "1999.11.16"]
[SourceQuality "1"]

1. e4 e5 2. Nf3 Nc6 3. Bb5 a6 4. Ba4 Nf6 5. O-O Be7 6. Bxc6 dxc6 7. Qe1 Nd7 8.
b3 O-O 9. Bb2 Bd6 10. Nc3 Qe7 11. Rd1 c5 12. Nd5 Qe6 13. Ne3 b5 14. d3 Bb7 15.
g3 a5 16. Ng5 Qg6 17. h4 a4 18. f4 exf4 19. gxf4 h6 20. f5 Qh5 21. Nh3 axb3 22.
axb3 Ra2 23. Rb1 c4 24. Nf4 Bxf4 25. Rxf4 cxd3 26. cxd3 Kh7 27. Qg3 f6 28. Rg4
Rf7 29. Kh1 Rxb2 30. Rg1 Kg8 31. Qxc7 Re2 32. Qd8+ Nf8 33. Qxf6 Qxg4 34. Nxg4
Rxf6 35. Nxf6+ Kf7 36. Nh5 Bc6 37. Rxg7+ Ke8 38. f6 Re3 1/2-1/2

[Event "Star Dojran"]
[Site "Star Dojran"]
[Date "1991.??.??"]
[Round "1"]
[White "Topalov, Veselin"]
[Black "Gicev, Blagoja"]
[Result "1/2-1/2"]
[WhiteElo "2455"]
[BlackElo "2315"]
[PlyCount "81"]
[EventDate "1991.??.??"]
[EventType "tourn"]
[EventRounds "11"]
[EventCountry "YUG"]
[EventCategory "7"]
[SourceTitle "TD"]
[Source "ChessBase"]
[SourceDate "1994.03.01"]
[SourceVersion "1"]
[SourceVersionDate "1994.03.01"]
[SourceQuality "1"]

1. d4 Nf6 2. c4 g6 3. Nc3 Bg7 4. Bg5 d6 5. Qd2 Nbd7 6. Bh6 Bxh6 7. Qxh6 c5 8.
Nf3 Qa5 9. Qd2 cxd4 10. Nxd4 Ne5 11. e3 O-O 12. Be2 Bd7 13. f4 Nc6 14. Nb3 Qb4
15. Rc1 Be6 16. Nb5 Qxd2+ 17. Nxd2 Rac8 18. Kf2 a6 19. Nd4 Nxd4 20. exd4 Rc7
21. a4 a5 22. b4 axb4 23. Rb1 Ra8 24. Rxb4 Bd7 25. Ra1 Bc6 26. Bf3 Ra7 27. Nb1
Bxf3 28. Kxf3 Ra6 29. Ra2 b6 30. Nc3 Kf8 31. Rab2 Nd7 32. g4 Rc8 33. Nb5 Ke8
34. h4 Kd8 35. f5 Rca8 36. Ra2 Nb8 37. fxg6 fxg6 38. c5 bxc5 39. dxc5 dxc5 40.
Re4 Nc6 41. Rd2+ 1/2-1/2

[Event "Star Dojran"]
[Site "Star Dojran"]
[Date "1991.??.??"]
[Round "2"]
[White "Kiroski, Toni"]
[Black "Topalov, Veselin"]
[Result "0-1"]
[WhiteElo "2375"]
[BlackElo "2455"]
[PlyCount "80"]
[EventDate "1991.??.??"]
[EventType "tourn"]
[EventRounds "11"]
[EventCountry "YUG"]
[EventCategory "7"]
[SourceTitle "TD"]
[Source "ChessBase"]
[SourceDate "1994.03.01"]
[SourceVersion "1"]
[SourceVersionDate "1994.03.01"]
[SourceQuality "1"]

1. e4 c5 2. Nf3 d6 3. d4 cxd4 4. Qxd4 a6 5. c4 Nc6 6. Qd2 Nf6 7. Nc3 e6 8. b3
Be7 9. Bb2 O-O 10. Be2 Rb8 11. Nd4 Bd7 12. O-O b5 13. cxb5 Nxd4 14. Qxd4 axb5
15. b4 Qb6 16. Qxb6 Rxb6 17. a4 bxa4 18. b5 d5 19. Rfd1 Nxe4 20. Nxe4 Bxb5 21.
Bxb5 Rxb5 22. Bxg7 Kxg7 23. Nc3 Rb3 24. Nxa4 Ra8 25. Ra2 f5 26. Kf1 Kf6 27. Ke2
h5 28. Rd3 Rxd3 29. Kxd3 e5 30. Nc3 Rxa2 31. Nxa2 Bc5 32. f3 e4+ 33. Kc3 Ke5
34. Nc1 Be3 35. Ne2 d4+ 36. Kc4 d3 37. Nc3 Bg1 38. h3 h4 39. fxe4 fxe4 40. Nd1
Bd4 0-1

[Event "Star Dojran"]
[Site "Star Dojran"]
[Date "1991.??.??"]
[Round "3"]
[White "Topalov, Veselin"]
[Black "Kocovski, Ivan"]
[Result "1/2-1/2"]
[WhiteElo "2455"]
[BlackElo "2325"]
[PlyCount "106"]
[EventDate "1991.??.??"]
[EventType "tourn"]
[EventRounds "11"]
[EventCountry "YUG"]
[EventCategory "7"]
[SourceTitle "TD"]
[Source "ChessBase"]
[SourceDate "1994.03.01"]
[SourceVersion "1"]
[SourceVersionDate "1994.03.01"]
[SourceQuality "1"]

1. e4 c5 2. Nf3 Nc6 3. d4 cxd4 4. Nxd4 Qb6 5. Nb3 Nf6 6. Nc3 e6 7. Bd3 a6 8.
O-O Be7 9. a4 Qc7 10. f4 d6 11. a5 b5 12. axb6 Qxb6+ 13. Kh1 O-O 14. Qe2 Nb4
15. Na5 Nxd3 16. cxd3 Rb8 17. Be3 Qxb2 18. Nc6 Qxc3 19. Nxb8 Qc7 20. Nxa6 Qd7
21. Nb8 Qe8 22. Ra7 e5 23. Nc6 Qxc6 24. Rxe7 exf4 25. Rxf4 Be6 26. h3 Nd7 27.
d4 d5 28. e5 Qc3 29. Rh4 Rb8 30. Qf2 Qa3 31. Bg5 h6 32. Rf4 Rf8 33. Bf6 gxf6
34. exf6 Nxf6 35. Rxf6 Qxe7 36. Qg3+ Kh7 37. Qh4 Qxf6 38. Qxf6 Ra8 39. Qf2 Rg8
40. g4 Rg6 41. Qf4 Kg7 42. Kh2 Kh7 43. Qc7 Kg7 44. Qe7 Kh7 45. Kg3 Kg7 46. Kf4
Rg5 47. Ke3 Rg6 48. Qc7 Kh7 49. Qf4 Kg7 50. Kd2 Kh7 51. Kc3 Kg7 52. Kb4 Kh7 53.
Kc5 Kg7 1/2-1/2